Click the Spanish-Speaking Countries Quiz Stats

 Plays Quiz Updated Jul 2, 2018

Score 0/20 Timer 09:00
3 Plays Today
% Correct
Colombia
95.8%
Peru
95.6%
Argentina
94.9%
Bolivia
94.8%
Ecuador
94.6%
Venezuela
94.5%
Chile
94%
Paraguay
92.5%
Nicaragua
91.4%
Honduras
91.3%
% Correct
Guatemala
90.5%
Costa
Rica
89%
Uruguay
89%
Spain
89%
Mexico
88.1%
El Salvador
87.3%
Panama
87.2%
Cuba
62.1%
Dominican Republic
51.8%
Equatorial Guinea
26.3%

You're not logged in!

Compare scores with friends on all Sporcle quizzes.
OR
Log In

You Might Also Like...

Show Comments

Extras

Top Quizzes Today


Score Distribution

Your Account Isn't Verified!

In order to create a playlist on Sporcle, you need to verify the email address you used during registration. Go to your Sporcle Settings to finish the process.

Report this User

Report this user for behavior that violates our Community Guidelines.

Details: